| 000 | 00575nam a2200169Ia 4500 | ||
|---|---|---|---|
| 003 | GCL | ||
| 008 | 140319s9999 xx 000 0 ara d | ||
| 040 |
_aGCL / _cGCL |
||
| 082 | 0 | 4 |
_a275.37 _bم د |
| 100 | 1 | _aمحمد عبدالله الشرقاوى | |
| 245 | 1 | 0 |
_aدراسات فى الملل والنحل(احوال المسيحية الهلينيه) / _cمحمد عبدالله الشرقاوى |
| 260 |
_a[S.N] : _bدار الفكر العربى ، _c1993 |
||
| 300 | _a170 ص | ||
| 490 | _a | ||
| 650 | 0 | 4 | _aالارساليات التبشيرية |
| 942 |
_2ddc _cBK |
||
| 999 |
_c32339 _d32339 |
||